| 000 | 00528nam a2200157Ia 4500 | ||
|---|---|---|---|
| 008 | 220216s9999 xx 000 0 und d | ||
| 100 | _aMydin K K | ||
| 245 | 0 | _aRubber and timber yield in some promising Prang Besar clones introduced to India | |
| 260 | _bIRRDB-RRII Workshop on Multilateral Clone Exchange, 4-6 June 2014, Rubber Research Institute of India, Kottayam, India. | ||
| 650 | _aPrang Besar clones | ||
| 650 | _aTimber yield | ||
| 700 | _aJohn A | ||
| 700 | _aNarayanan C | ||
| 856 | _uNo article | ||
| 942 | _cJS | ||
| 999 |
_c67455 _d67455 |
||